00340nam a2200133Ia 450000500170000000800410001702000150005808200130007310000130008624500300009926000420012930000130017165000220018420250430064747.0240331s9999 xx 000 0 und d a955803388X a808bBLA aIbusai,M 0aBlack rain :bkalu warusa aDehiwalabVidarshana Publishersc2006 a328 p ., aDocumentary Novel